000 00313nam a22001337a 4500
008 171020b xxu||||| |||| 00| 0 eng d
020 _a9780697799784
041 _aeng
080 _a338
100 _a54
101 _a338
245 _aMODELLING AND ANALYSIS FOR BUSINESS DECISIONS
_cDUNNE, J
942 _2udc
_cBK
999 _c35239
_d35239